Normal view
MARC view
Entry Meeting Name
001 - CONTROL NUMBER
- control field: 29986
003 - CONTROL NUMBER IDENTIFIER
- control field: OSt
005 - DATE AND TIME OF LATEST TRANSACTION
- control field: 20211105135322.0
008 - FIXED-LENGTH DATA ELEMENTS
- fixed length control field: 211105|| aca||aabn | a|a d
040 ## - CATALOGING SOURCE
- Original cataloging agency: OSt
- Transcribing agency: OSt
111 ## - HEADING--MEETING NAME
- Meeting name or jurisdiction name as entry element: Colloquium of the International Astronomical Union
- Number of part/section/meeting: 199th
- Location of meeting: China
- Date of meeting or treaty signing: 2005 Mar. 14-18
670 ## - SOURCE DATA FOUND
- Source citation: Work cat.: (OSt): Colloquium of the International Astronomical Union 199th China 2005 Mar. 14-18, Probing galaxies through quasar absorption lines, 2005